| 000 | 01038cam a2200325 i 4500 | ||
|---|---|---|---|
| 005 | 20260322212033.0 | ||
| 008 | data | ||
| 010 | _a 79104738 | ||
| 020 |
_a087358175X : _c{dollar}10.50 |
||
| 020 | _a0873581784 (pbk.) | ||
| 020 |
_a9780873581752 : _c{dollar}10.50 |
||
| 020 | _a9780873581783 (pbk.) | ||
| 040 |
_aDLC _cDLC _dDLC |
||
| 043 | _an-us-az | ||
| 050 | 0 | 0 |
_aF811.6 _b.Y37 1978 |
| 082 | 0 | 0 | _a979.1/05 |
| 092 | _a979.1 Y37 1978 | ||
| 100 | 1 | _aYates, Hube. | |
| 245 | 1 | 0 |
_aFrom thunder to breakfast / _cHube Yates & Gene K. Garrison. |
| 250 | _aRev. and enl. | ||
| 260 |
_aFlagstaff, Ariz. : _bNorthland Press, _cc1978. |
||
| 300 |
_axii, 187 p. : _bill. ; _c23 cm. |
||
| 500 | _aEdition statement also appears as: Revised second edition. | ||
| 600 | 1 | 0 |
_aYates, Hube _xAnecdotes. |
| 651 | 0 |
_aArizona _xAnecdotes. _xAnecdotes. |
|
| 651 | 0 |
_aArizona _xAnecdotes. _xAnecdotes. |
|
| 700 | 1 |
_aGarrison, Gene K., _ejoint author. |
|
| 856 | 4 | 1 |
_3Table of contents _uhttp://www.loc.gov/catdir/toc/fy0603/79104738.html |
| 001 | data | ||
| 999 |
_c758 _d758 |
||